| 000 | 00462nam a2200157 i 4500 | ||
|---|---|---|---|
| 001 | 129542 | ||
| 003 | ES-MaACL | ||
| 005 | 20230906193524.0 | ||
| 007 | t| | ||
| 008 | 070626s1965 xxu ||||1| eng d | ||
| 100 | 1 |
_aThurber, James. _9110182 |
|
| 245 | 1 | 4 |
_aThe owl in the attic and other perplexities... / _cJames Thurber. |
| 260 |
_aNew York : _bHarper and Row, _c[1965] |
||
| 300 |
_a5 h., 113 p. : _bil. ; _c18 cm. |
||
| 852 |
_aES-MaACL _jC-37208 _bR.66083 |
||
| 999 |
_c129542 _d129542 |
||